00600nam a2200145Ia 4500008004100000050002300041100002500064245010500089260008600194300002000280521002200300942000700322999001900329952010600348140724s9999 xx 000 0 und d aLB 1055b.K48 2009 aKilayko, Danielle S. aImmediate affective and behavioral benefits of Yoga to individuals with ADHD /cDanielle S. Kilayko. aLas Piñas, Philippines :bSouthville International School and Colleges,cc2009. a41 p. :c28 cm. aSpecial Education cTH c228996d228996 001040aCLbCLcTHESESd2014-07-24l0oLB 1055 .K48 2009pT0350r2018-05-15 00:00:00w2014-07-24yTH